La ciudad como utopía : artículos periodísticos sobre Lima, 1953-1965 /
Crónica urbana sobre la ciudad de Lima, Perú desarrollada por Sebastián Salazar Bondy (1924-1965), escritor, crítico y periodista peruano, a través de su artículos periodísticos producidos entre 1953 y 1965, donde da cuenta de su visión sobre el desarrollo urbano, las costumbres, los problemas socia...
Tallennettuna:
| Päätekijä: | |
|---|---|
| Aineistotyyppi: | Kirja |
| Kieli: | espanja |
| Julkaistu: |
Lima, Perú :
Universidad de Lima,
2018, c2018
|
| Painos: | 2a edición |
| Aiheet: | |
| Tagit: |
Ei tageja, Lisää ensimmäinen tagi!
|
MARC
| LEADER | 00000nam^a2200000^a^4500 | ||
|---|---|---|---|
| 001 | 000456453 | ||
| 005 | 20250521000000.0 | ||
| 009 | 20260310124020.303 | ||
| 020 | |a 978-9972-45-452-3 | ||
| 037 | |a Acervo ITESO - Biblioteca | ||
| 041 | |a ESP | ||
| 082 | |a 711. 4098525 |b SAL | ||
| 100 | |a Salazar Bondy, Sebastián |e (autor) | ||
| 245 | 1 | 3 | |a La ciudad como utopía : |b artículos periodísticos sobre Lima, 1953-1965 / |c S. Salazar Bondy ; selec. y pról. de pról. de A. Susti. |
| 250 | |a 2a edición | ||
| 264 | 4 | |a Lima, Perú : |b Universidad de Lima, |c 2018, c2018 | |
| 300 | |a 332 p. | ||
| 336 | |a texto |b txt |2 rdacontenido | ||
| 337 | |a sin mediación |b n |2 rdamedio | ||
| 338 | |a volumen |b nc |2 rdasoporte | ||
| 520 | |a Crónica urbana sobre la ciudad de Lima, Perú desarrollada por Sebastián Salazar Bondy (1924-1965), escritor, crítico y periodista peruano, a través de su artículos periodísticos producidos entre 1953 y 1965, donde da cuenta de su visión sobre el desarrollo urbano, las costumbres, los problemas sociales y el patrimonio nacional de esta ciudad. | ||
| 521 | |a FIL 2018 DIA | ||
| 586 | |a Premio Nacional de Ciencias y Artes, categoría Lingüística y Literatura (1°: 1945): Biografías, crítica e interpretación | ||
| 649 | |a XX | ||
| 650 | |a Planeación Urbana - |z Lima, Perú | ||
| 650 | |a Espacio Urbano - |z Lima, Perú | ||
| 650 | |a Diseño Urbano - |z Lima, Perú | ||
| 650 | |a Transporte Urbano - |z Lima, Perú | ||
| 650 | |a Política Urbana - |z Lima, Perú | ||
| 650 | |a Valoración Patrimonial e Histórica - |z Lima, Perú | ||
| 650 | |a Problemas Sociales - |z Lima, Perú | ||
| 650 | |a Urbanismo - |z Lima, Perú - |x Historia - |y 1933-1968 - |x Tema Principal | ||
| 650 | |a Lima, Perú - |x Historia - |y 1933-1968 - |x Tema Principal | ||
| 650 | |a Lima, Perú - |x Historia - |y Siglo XX | ||
| 650 | |a Lima, Perú - |x Condiciones Sociales y Culturales | ||
| 650 | |a Perú - |x Historia - |y 1933-1968 | ||
| 650 | |a Perú - |x Historia - |y Siglo XX | ||
| 650 | |a Perú - |x Condiciones Sociales y Culturales | ||
| 910 | |a Fondo General | ||
| 920 | |a Impresos - Libros | ||
| 930 | |a Colección General | ||
| 905 | |a 101 | ||
| 901 | |a 0500311332 |b IT1 |c ACC |i C164031 |u 20250521 | ||
| 902 | |a https://opac.biblio.iteso.mx/vufind/Record/000456453 | ||